000 00396nam a2200145Ia 4500
008 090124s9999 xx 000 0 und d
082 _b301434
245 _a स्वप्नगंधा
250 _a1
260 _bभडभडे शुभांगी
_c1985
300 _a180
630 _a स्वप्नगंधा
730 _a स्वप्नगंधा
942 _cBOOK
999 _c191009
_d191009